00521nam a22001697a 4500008004100000010001300041020002600054035001300080037000800093050000800101082000800109245005500117260004500172270009000217300002500307700001900332230511b ||||| |||| 00| 0 eng d aB-753833 a9789393003645c330.00 aB-753833 adpl a050 a050 aManorama Yearbook 2023/cEdited by Mathew, Mammen  aKottayam bMalyala Manorama Press c2023 aMalayala Manorama Press bKottayam e686001k2563646l91-4812562479myeabook@mm.co.in a1006 p.b22 cm (pbk) aPhilip Mathew